000 00508nam a2200181Ia 4500
005 20250326125629.0
008 250326s9999 xx 000 0 und d
037 _aTextbook
040 _aFMSL
_beng
_cFMSL
041 _aeng
_2eng
084 _aX*(A):8 K51
_qFMSL
100 _aVickers G
_9737660
245 0 _aIndustry, human relations, and mental health
_cVickers G
260 _aLondon
_bLondon, Tavistock
_c1965
300 _a13p
942 _cTB
_hX*(A):8 K51
999 _c1278867
_d1278867